Представление документа в формате RUSMARC

ПолеНазваниеЗначение
  Тип записи a
  Библиографический уровень m
001 Контрольный номер a744b97c0bee4cc7909edae7ac5cc966
005 Дата корректировки 20140724151642.9
010 Индекс ISBN __
a ISBN 0-935047-20-4
010 Индекс ISBN __
a ISBN 5-279-02157-1
200 Заглавие и сведения об ответственности 1_
a Заглавие Стимулирование международного туризма в ХХI веке
e Сведения, относящиеся к заглавию Пер.с англ.
f Первые сведения об ответственности Харрис Годфри, Кац Кеннет М.
210 Выходные данные 1_
a Место издания М.
c Издательство Финансы и статистика
d Дата издания 2000
215 Физическое описание __
a Объем 237 с.
300 Общие примечания __
a Общие примечания 20экз.
610 Ключевые слова 0_
a Ключевые слова международный туризм
686 Индексы других классификаций __
a Классификационный индекс 75
2 Код системы rubbk
686 Индексы других классификаций __
a Классификационный индекс 75.814
2 Код системы rubbk
700 Автор _1
a Фамилия Харрис Годфри
701 Альтернативная интеллектуальная ответственность _1
a Фамилия Кац Кеннет М.
801 Источник записи _0
a Страна RU
b Организация РУК
c Дата составления 20021210
g Правила каталогизации PSBO
801 Источник записи _1
a Страна RU
b Организация РУК
c Дата составления 20021210
g Правила каталогизации PSBO
852 Данные о местонахождении __
i Авторский знак Х21
j Шифр хранения ББК 75
901 Тип документа __
t Тип документа m
938 Служебная информация __
a Название организации Головной вуз
b Имя БД BOOK
c Название АИБС АИБС ИРБИС